00884nam a2200217Ia 4500008004100000020001500041082001700056100001900073245004800092250000800140260002500148300001100173500002400184650001600208942000700224952010400231952010400335952010500439952010500544999001700649230524s9999 xx 000 0 und d a8120324080 a621.382bWEE aArthur R Weeks 0aFundamentals of Electronic Image Processing a1ST aNEW DELHIbPHIc2005 aIX;557 aQuantity Number: 4 aElectronics cBK 00104070aTATCLbTATCLcGENd2023-05-24l0o621.382 WEEp8800r2023-05-24w2023-05-24yBKzBE2101 00104070aTATCLbTATCLcGENd2023-05-24l0o621.382 WEEp9245r2023-05-24w2023-05-24yBKzBE2101 00104070aTATCLbTATCLcGENd2023-05-24l0o621.382 WEEp26664r2023-05-24w2023-05-24yBKzBE2101 00104070aTATCLbTATCLcGENd2023-05-24l0o621.382 WEEp26665r2023-05-24w2023-05-24yBKzBE2101 c31530d31530